| 000 | 00923cgm a2200265 4500 | ||
|---|---|---|---|
| 008 | 090401t1993 xxu||||| |||| 00| 0 eng d | ||
| 020 | _a0947763732 | ||
| 035 | _a(Sirsi) u61798 | ||
| 041 | _aeng | ||
| 050 |
_a333.336 _c18 |
||
| 100 | _aBattle, Darren | ||
| 245 |
_aDistribution property _ba CPD study pack |
||
| 260 |
_aReading _bCollege of Estate Management _c1993 |
||
| 300 |
_avi, 46p. _c30cm. + 1 audio cassette (ca. 60 min.) |
||
| 350 | _a44.06 | ||
| 490 | _aCollege of Estate Management CPD Study Pack | ||
| 520 | _aAccompanied by a copy of Owlion Audio Programme entitled "Distribution property - the way ahead" (E1386), which is also available to borrow separately. | ||
| 520 | _aWithdrawn September 2007. | ||
| 650 | _aDISTRIBUTION PROPERTY | ||
| 650 | _aWAREHOUSES | ||
| 690 | _aPROPERTY-COMMERCIAL PROPERTY | ||
| 710 |
_aCollege of Estate Management _9400 |
||
| 942 | _n0 | ||
| 948 | _c04/03/1997 | ||
| 999 |
_c85324 _d85324 |
||